书目信息 |
| 题名: |
AutoCAD 2014建筑设计案例教程
|
|
| 作者: | 张宪立 , 宫伟 主编 | |
| 分册: | ||
| 出版信息: | 北京 电子工业出版社 2015.02 |
|
| 页数: | 259页 | |
| 开本: | 26cm | |
| 丛书名: | 全国高等职业教育土建类专业应用型人才培养规划教材 | |
| 单 册: | ||
| 中图分类: | TU201.4 | |
| 科图分类: | ||
| 主题词: | 建筑设计--jian zhu she ji--AutoCAD软件--高等职业教育--教材 | |
| 电子资源: | ||
| ISBN: | 978-7-121-25024-8 | |
| 000 | 01170nam 2200277 450 | |
| 001 | CAL 0120151512042 | |
| 005 | 20150819160022.92 | |
| 010 | @a978-7-121-25024-8@dCNY38.00 | |
| 100 | @a20150302d2015 em y0chiy50 ea | |
| 101 | 0 | @achi |
| 102 | @aCN@b110000 | |
| 105 | @aa z 000yy | |
| 106 | @ar | |
| 200 | 1 | @aAutoCAD 2014建筑设计案例教程@AAutoCAD 2014 jian zhu she ji an li jiao cheng@f张宪立, 宫伟主编 |
| 210 | @a北京@c电子工业出版社@d2015.02 | |
| 215 | @a259页@c图@d26cm | |
| 225 | 2 | @a全国高等职业教育土建类专业应用型人才培养规划教材@Aquan guo gao deng zhi ye jiao yu tu jian lei zhuan ye ying yong xing ren cai pei yang gui hua jiao cai |
| 330 | @a本书共8章, 介绍AutoCAD 2014的基本操作 ; AutoCAD 2014高频率绘图命令 ; 绘制室内用具, 进一步掌握软件绘图命令和编辑命令 ; 建筑工程图设计基础知识 ; 建筑平面图的绘制等。 | |
| 410 | 0 | @12001 @a全国高等职业教育土建类专业应用型人才培养规划教材 |
| 586 | @a | |
| 606 | 0 | @a建筑设计@Ajian zhu she ji@xAutoCAD软件@x高等职业教育@j教材 |
| 690 | @aTU201.4@v5 | |
| 701 | 0 | @a张宪立@Azhang xian li@4主编 |
| 701 | 0 | @a宫伟@Agong wei@4主编 |
| 801 | 0 | @aCN@c20150820 |
| 905 | @a河南城建学院图书馆@dTU201.4@eZ2104@f3 | |
| AutoCAD 2014建筑设计案例教程/张宪立, 宫伟主编.-北京:电子工业出版社,2015.02 |
| 259页:图;26cm.-(全国高等职业教育土建类专业应用型人才培养规划教材) |
| ISBN 978-7-121-25024-8:CNY38.00 |
| 本书共8章, 介绍AutoCAD 2014的基本操作 ; AutoCAD 2014高频率绘图命令 ; 绘制室内用具, 进一步掌握软件绘图命令和编辑命令 ; 建筑工程图设计基础知识 ; 建筑平面图的绘制等。 |
| ● |
| 相关链接 |
|
|
|
正题名:AutoCAD 2014建筑设计案例教程
索取号:TU201.4/Z2104
 
预约/预借
| 序号 | 登录号 | 条形码 | 馆藏地/架位号 | 状态 | 备注 |
| 1 | 1166347 | 211663476 | 建筑库101/101建筑库 37排1列1层/ [索取号:TU201.4/Z2104] | 在馆 | |
| 2 | 1166348 | 211663485 | 建筑库101/101建筑库 6排3列3层/ [索取号:TU201.4/Z2104] | 在馆 | |
| 3 | 1166349 | 211663494 | 建筑库101/101建筑库 37排1列1层/ [索取号:TU201.4/Z2104] | 在馆 |